kku e-library facility

Theoretical Mechanics I: Newtonian Dynamics (Record no. 199)

MARC details
000 -LEADER
fixed length control field 00402nam a2200133 4500
005 - DATE AND TIME OF LATEST TRANSACTION
control field 20260327092754.0
008 - FIXED-LENGTH DATA ELEMENTS--GENERAL INFORMATION
fixed length control field 260327b |||||||| |||| 00| 0 eng d
020 ## - INTERNATIONAL STANDARD BOOK NUMBER
International Standard Book Number 978-978-940-902-0
100 ## - MAIN ENTRY--PERSONAL NAME
Personal name Mshelia Elijah Dika
245 ## - TITLE STATEMENT
Title Theoretical Mechanics I: Newtonian Dynamics
Statement of responsibility, etc. /Elijah Dika Mshelia
260 ## - PUBLICATION, DISTRIBUTION, ETC.
Place of publication, distribution, etc. Ibadan;
Name of publisher, distributor, etc. University Press PLC;
Date of publication, distribution, etc. 2022
300 ## - PHYSICAL DESCRIPTION
Extent xi,422p.ill;
Dimensions 21.3cm
942 ## - ADDED ENTRY ELEMENTS (KOHA)
Source of classification or shelving scheme Library of Congress Classification
Suppress in OPAC No
Koha item type Books

No items available.

©2025 All rights reserved. KKU